000 00160nam a22000857a 4500
082 _a823
100 _aSTILTON, GERONIMO
245 _aTHE GREAT ICE AGE
942 _cBK
999 _c8118
_d8118